00385nam a22001457a 4500003000500000020000800005038001000013082001800023100001700041245004500058260003600103300001300139880003000152880005700182NUST qHBK aFaiza a891.4911bZAF aZafar, Ahmad aAkh Darya wich soraj boly /cAhmad Zafar aRawalpindi :bMaktaba Nu,cN.D. a128 p. ; 6100-01\raاحمد ظفر 6245-02\raاکھ دریا وِچ سورج بولے /